| 000 | 01438nam a22002777a 4500 | ||
|---|---|---|---|
| 001 | EPSA 0296 | ||
| 003 | gtcocun | ||
| 005 | 20250908183921.0 | ||
| 006 | a||||gr|||| 00| 0 | ||
| 007 | ta | ||
| 008 | 250908b2024 gt ||||| m||| 00| 0 eng d | ||
| 040 |
_agtcocun _bSPA _cgtcocun _eRDA |
||
| 041 | _aSPA EPSA 0296 | ||
| 084 | _0EPSA 0296 | ||
| 100 |
_aGarcía Fernández, Lilian Rosana _eAutor |
||
| 245 |
_aINFORME FINAL DEL EJERCICIO PROFESIONAL SUPERVISADO, REALIZADO EN DISTRIBUIDORA DEL VALLE S.A. UBICADA EN LA CUIDAD DE COBÁN, DEPARTAMENTO DE ALTA VERAPAZ/ _cLilian Rosana García Fernández. _hImpreso |
||
| 264 |
_aCobán, Alta Verapaz: _bUniversidad de San Carlos de Guatemala, Centro Universitario del Norte, Licenciatura en Administración de Empresas _c2024 |
||
| 300 |
_a72 p.: _bIlustraciones, gráficas. _c28 cm; |
||
| 502 | _eEPSA 0296 | ||
| 502 |
_aEjercicio Profesional Supervisado _bLicenciatura en Administración de Empresas, _cUniversidad de San Carlos de Guatemala, Centro Universitario del Norte, Licenciatura en Administración de Empresas _d2024 _oEPSA 0296 |
||
| 650 | 1 | 4 |
_2LEMB _aCobán, Alta Verapaz _xAdministración _xLaboral _xOrganizacional _xEjecución _xPromoción _xSupervisión _xManejo |
| 700 |
_aLcda. Elisa Mariela Alvarado Delgado _eAsesor |
||
| 856 |
_uSin archivo en línea. _zSin archivo en línea. |
||
| 942 |
_2ddc _cTES _iEPSA 0296 _kClasificación _n0 _6EPSA_0296_000000000000000 |
||
| 999 |
_c1746 _d1746 |
||